00931nam a2200253 a 4500001001000000003000900010005001700019008004100036020001500077040002500092049000900117082001700126100002800143245007000171260008200241300002300323490003800346500004200384500005400426830004500480942001400525952012300539999001500662000005337DO-SdBNP20250910100549.0090819s1973 dr 000 1 spa d a840003807X aDO-SdBNPbspacBNPHU aBNPD a782.1bS941v1 aSubirá, José91513410aVariadas versiones de libretos operísticos / cJosé Subirá. aMadrid, España :bConsejo Superior de Investigaciones Científicas,c1973. a200 p. ; :b23 cm.1 aAnejos de la revista segismudov4 aIncluye datos biográficos del autor aIncluye tabla de contenido e índice analítico 0aAnejos de la revista segismudon4915136 2ddccLBS1 001054708PDaGRbGRcHDd2009-08-19iLF1l0o782.1 S941vp5337-10r2020-06-25w2020-06-25yLFPDZPréstamo en sala c5138d5138